000 01786cam a22004331 4500
001 data
005 20260322212106.0
008 data
035 _a6868356
906 _a7
_bcbc
_coclcrpl
_du
_encip
_f19
_gy-gencatlg
010 _a 28022814
035 _9(DLC) 28022814
035 _a(OCoLC)4585765
040 _aDLC
_cCLU
_dDLC
_dDLC
042 _apremarc
043 _af-ua---
050 0 0 _aKRM3800
_b.G63 1924
100 1 _aGoadby, Frederic M.
_q(Frederic Maurice)
245 0 0 _aCommentary on Egyptian criminal law and the related criminal law of Palestine, Cyprus, and Iraq.
_cBy Frederic M. Goadby.
260 _aCairo,
_bGovernment press,
_c1924-25.
300 _a3 v.
_c22 cm.
336 _atext
_btxt
_2rdacontent
337 _aunmediated
_bn
_2rdamedia
338 _avolume
_bnc
_2rdacarrier
500 _aPaged continuously.
500 _aAt head of title: Ministry of justice, Egypt.
500 _a"This book is in part a revised edition of an earlier work and in part new. In 1914 I published the first part of a Commentary on Egyptian criminal law. The work was, however, not completed ... The copies of this first part having now been exhausted, the Egyptian government has been good enough to arrange for the publication of a new and complete edition." -- Pref.
504 _aBibliography: v. 1, p.vii-ix.
650 0 _aCriminal law
_zEgypt.
650 0 _aCriminal law
_zPalestine.
650 0 _aCriminal law
_zCyprus.
650 0 _aCriminal law
_zIraq.
710 1 _aEgypt.
_bLaws, statutes, etc.
710 1 _aEgypt.
_bWizārat al-ʻAdl.
985 _eOCLC REPLACEMENT cdsdistr
991 _bc-LL
_hLAW <Egypt 7 Goad 1924-25 LLNEA>
_tCopy 1
_wOCLCREP
999 _c1554
_d1554